Social Networks - Top 15 by MAU October 2023 - Statistics

General Stats
  • This quiz has been taken 15 times
  • The average score is 8 of 15
Answer Stats
# Mil Network % Correct
3,030 Facebook
100%
2,000 Instagram
100%
1,218 TikTok
100%
750 Snapchat
93%
2,491 YouTube
86%
2,000* WhatsApp
79%
666 X
79%
1,036 Facebook Messenger
36%
800 Telegram
36%
1,327 WeChat
21%
465 Pinterest
14%
571 QQ
7%
743** Douyin
0%
673 Kuaishou
0%
599 Sina Weibo
0%
No matching quizzes found
Score Distribution
Percent of People with Each Score
Percentile by Number Answered
Your Score History
You have not taken this quiz